| 000 | 00000nam##2200000za#4500 |
| 001 | 9.617443 |
| 003 | CaOODSP |
| 005 | 20210615102201 |
| 007 | ta |
| 008 | 150406|2005||||xxc||||| f|0| 0 eng|d |
| 020 | |a0-662-40982-5 |
| 040 | |aCaOODSP|beng |
| 043 | |an-cn--- |
| 086 | 1 |aNH18-26/1-2005E |
| 110 | 2 |aCanada Mortgage and Housing Corporation. |
| 245 | 10|aUnderstanding private rental housing investment in Canada |
| 260 | |bCanada Mortgage and Housing Corporation |c2005, c1999. |
| 300 | |aviii, 106p. : |bgraphs, references, tables ; |c28 cm. |
| 490 | 1 |aResearch report. Housing affordability and finance series |
| 520 | 3 |aThe key study objectives were: To examine the nature and extent of private rental housing investment in Canada; To develop a profile of who is investing in private rental housing; and To establish a thorough understanding of what investors and lenders consider in their decision-making process. The ultimate goal of the research was to provide a solid basis from which public and private sector decision-makers can act in an informed manner. |
| 563 | |aSpiral binding |
| 590 | |a07-33|b2007-08-17 |
| 690 | 07|aHousing|2gcpds |
| 690 | 07|aLeasing|2gcpds |
| 690 | 07|aPrivate investments|2gcpds |
| 710 | 2 |aFish Marks Jenkins Real Estate Consulting. |
| 710 | 2 |aClayton Research Associates. |
| 775 | 08|tComprendre les activités d'investissement dans le logement locatif privé au Canada |w(CaOODSP)9.626979 |
| 776 | 0#|tUnderstanding private rental housing investment in Canada / |w(CaOODSP)9.559549 |
| 830 | #0|aResearch report. Housing affordability and finance series.|w(CaOODSP)9.514815 |